| 000 | 00629nam a2200193Ia 4500 | ||
|---|---|---|---|
| 003 | OSt | ||
| 005 | 20250109162241.0 | ||
| 008 | 231217s9999 xx 000 0 und d | ||
| 020 | _a9789350686283 | ||
| 040 | _c0 | ||
| 041 | _aEnglish | ||
| 082 | _a371.26 ARO;1 R | ||
| 100 | _aArora, Swarnjeet. Chowdhary, Rupal. Phatak, Yogeshwari ...[et al.] | ||
| 245 | 0 | _aQuality education entrepreneurship and exemplary business practices for social change | |
| 260 |
_c2016 _bExcel Books _aNew Delhi |
||
| 300 | _axxiii,528p. | ||
| 650 | _aQuality,education,entrepreneurship,exemplary,business,practices,social | ||
| 942 |
_cAA _2ddc |
||
| 999 |
_c199352 _d199352 |
||